| 000 | | | 03888nac2a22002771x 450 |
| 001 | | | ec9793f8-1826-4648-8db7-9352b17353b6 |
| 005 | | | 20131029123716.0 |
| 100 | ## | $a | 20130605l1927 k y0rusy50 ca |
| 101 | 0# | $a | rus |
| 102 | ## | $a | RU |
| 105 | ## | $a | y z ||||| |
| 200 | 1# | $a | Арсеньева Е. "Мечты и дела. Храмы. Обращение к матерям воинов на Дальнем Востоке" |
| | $j | [19--] |
| 215 | ## | $a | 109 листов |
| 251 | ## | $c | Дело |
| 300 | ## | $a | С дарственной надписью автора Кони А. Ф. |
| 300 | ## | $a | Приложено письмо Арсеньевой к Кони А. Ф. |
| 300 | ## | $a | Листы: 1, 6-109 - брошюры; 5 - конверт |
| 300 | ## | $a | Часть текста рукописная, часть - напечатана типографским способом |
| 330 | ## | $a | Материалы, преподнесенные и посвященные А. Ф. Кони; Книги и другие печатные издания |
| 461 | #0 | $1 | 0013a54f2e3-e9cf-409b-80fa-f0a9bd3c40cb |
| | $1 | 2001 |
| | $a | Кони Анатолий Федорович, юрист, литератор, член академии наук, председатель Санкт-Петербургского окружного суда, член государственного совета |
| | $1 | 251 |
| | $c | Фонд |
| | $1 | 852 |
| | $j | 564 |
| 462 | #0 | $1 | 00178a475cd-a47d-4377-bff3-cee4b81de655 |
| | $1 | 2001 |
| | $a | Опись дел фонда А. Ф. Кони за 1880-1931 гг. |
| | $1 | 251 |
| | $c | Опись |
| | $1 | 852 |
| | $j | 1 |
| 600 | #1 | $a | Кони |
| | $b | А. Ф. |
| | $f | 1844-1927 |
| | $g | Анатолий Федорович |
| 600 | #1 | $a | Арсеньева |
| | $b | Е. |
| 801 | #0 | $a | RU |
| | $b | GA_RF |
| 801 | #1 | $a | RU |
| | $b | НПО Опыт |
| | $c | 20130605 |
| | $2 | rusmarc |
| 801 | #2 | $a | RU |
| | $b | ПБ им. Б.Н. Ельцина |
| | $c | 20131029 |
| | $g | RCR |
| | $2 | rusmarc |
| 852 | ## | $a | ГА РФ |
| | $j | 4059 |
| 937 | ## | $d | 39782100 |
| | $h | ПБ |
| 035 | ## | $a | RuPRLIB51006621 |